000 00466nam a22001697a 4500
003 BD-ChCU
005 20251228092629.0
008 251228b bg ||||| |||| 00| 0 ben d
040 _cBD-ChCU
082 _23rd ed
_a910.02 STP(3)
100 _aStrahler, Arthur N.
_918355
245 _aPhysical geography.//
_cArthur N. Strahler.
260 _aNew Delhi
_bWiley Eastern.
_c1971
300 _aix, 733p
650 0 _aPhysical Geography.
_918356
942 _2ddc
_cBK
_n0
999 _c110562
_d110562